=LDR 00000nam 2200000 4500 =001 INLIS000000000052304 =990 ##$$a 21706468 =005 20210204125110 =990 ##$$a 21706470 =035 ##$$a 0010-0118000492 =990 ##$$a 21706469 =007 ta =990 ##$$a 21706467 =008 210204################g##########0#ind## =990 ##$$a 21706466 =020 ##$$a 978-602-7869-77-6 =082 ##$$a 371.2 =084 ##$$a 371.2 DAR p =100 #$$a Daryanto =245 1#$$a Pengelolaan Budaya Dan iklim sekolah /$c Daryanto & Hery Tarno =260 ##$$a Yogyakarta :$b Gava Media,$c 2015 =300 ##$$a x, 147 hlm. ; $c 21x14 cm =650 #4$$a Manajemen Dan organisasi Sekolah =504 ##$$a Bibliografi : hlm. 171-173 =250 ##$$a cet.1 =990 ##$$a 21706470 =990 ##$$a 21706469 =990 ##$$a 21706468 =990 ##$$a 21706467 =990 ##$$a 21706466 =990 ##$$a 21706467 =990 ##$$a 21706470 =990 ##$$a 21706469 =990 ##$$a 21706468 =990 ##$$a 21706466